000 00640nam a2200229Ia 4500
005 20250326144146.0
008 250326s9999 xx 000 0 und d
020 _a019567628-0
037 _aTextbook
040 _aFMSL
_beng
_cFMSL
041 _aeng
_2eng
084 _aX:89ZB P5
_qFMSL
100 _aHayami Y
_9735259
245 0 _aDevelopment economics: from the poverty to the wealth of nations
_cHayami Y; Godo Y
250 _a3
260 _aNew Delhi
_bNew Delhi, Oxford University
_c2005
300 _a430p
365 _b495
650 _aDevelopment
942 _cTB
_hX:89ZB P5
999 _c1302603
_d1302603